000 00384nam a2200145 i 4500
001 bg
245 0 _aCzłowiek, praca, postęp społeczny :
_bpraca zbiorowa /
_cPod red. W. Jędrzyckiego.
260 _aWarszawa,
_c1984.
700 1 _aJędrzycki, Wiesław.
_eRed.
040 _cBPK
041 _apol
080 _a331:304
942 _cKS
008 s pl f |000 0 pol
999 _c22683
_d22683
856 _uhttp://koha.tu.koszalin.pl/cgi-bin/koha/opac-detail.pl?biblionumber=22683
_yKatalog online BPK